Представление документа в формате MARC21

Поле Инд. ПП Название Значение
Тип записи a
Библиографический уровень m
001 Контрольный номер 16b0122eba30481aa0f6a8acdf9aee4c
005 Дата корректировки 20250729112128.6
020 a ISBN 978-57995-1398-6
080 a Индекс УДК 691.5(075.8)
080 a Индекс УДК 666.9(075.8)
090 a Полочн. индекс 691
x Авторский знак Б 43
097 b Оператор *Ви*
100 1_ a Автор Белов В.В.
245 10 a Заглавие Технология и свойства минеральных вяжущих веществ
b Продолж. заглавия учебное пособие
c Ответственность Тверской государственный технический университет
c Ответственность под общей редакцией В.В. Белова
260 a Место издания Тверь
b Издательство ТвГТУ
c Дата издания 2025
300 a Объем 207 с.
515 a Прим. об особенностях нумерации № 5131
516 8_ a Прим. о типе комп. файла/ данных Текст : электронный
520 0_ a Аннотация Рассмотрены технологии производства и свойства современных минеральных вяжущих веществ. Отражены научные достижения в этой области и опыт передовых предприятий цементной промышленности России и других стран. Большое внимание уделено способам получения и свойствам важнейших цементов современного строительства, таких как высоко-эффективные композиционные общестроительные и специальные цемен-ты, а также других современных минеральных вяжущих веществ. Проанализированы перспективы развития производства минеральных вяжущих веществ с точки зрения использования техногенных вторичных ресурсов, местного сырья, снижения энергоемкости и повышения качества продукции. Предназначено для студентов высших учебных заведений строительно-технологических направлений и профилей. Может быть полезно преподавателям, инженерно-техническим и научным работникам, занятым в сфере производства строительных материалов и строительства.
535 1_ a Хранилище Сервер
653 0_ a Ключевые слова Вяжущие вещества
a Ключевые слова Минеральные вяжущие вещества
a Ключевые слова Гипсовые вяжущие
a Ключевые слова Ангидритовые вяжущие
a Ключевые слова Портландцемент
a Ключевые слова Композиционные вяжущие
655 a Жанр/ форма (устаревшее) М
700 12 a Другие авторы Курятников Ю.Ю.
900 a Имя макрообъекта 001-000188027-000000000-0000-0000-01
901 t Тип документа m
905 b Дата создания записи обработка 29.07.25
922 c Кафедра Производство строительных изделий и конструкций
951 i EL-ТГТУ? Да
952 a Тип литературы для КСУ ВШ *М2*
952 e Факультет *ИСФ*
990 h N записи в КСУ для Б/У (DOS) 65/2025э
g Размещение заказа (DOS) РИЦ
990 c Приоритет заказа (DOS) *о*